000 00550nam a2200181Ia 4500
008 240729s9999 xx 000 0 und d
022 _a2054-3174
245 0 _aEuropean Medical Journal Cardiology
260 _aUnited Kingdom
260 _bEuropean Medical Journal
650 _a Diseases of the circulatory (Cardiovascular) system
650 _a Internal medicine
650 _a Specialties of internal medicine
650 _aMedicine
856 _uhttps://doaj.org/toc/714470d7eff746659d3c625119d87cb0
942 _2ddc
942 _cDOAJEJ
999 _c70150
_d70150
945 _a1
_bMadushi Gamage
_c1
_dMadushi Gamage